Vôľa väčšiny

Bibliographic Details
Main Author: Islington, James (Author)
Other Authors: Dvončová, Ľubica (Translator)
Format: Book
Language:Slovak
English
PhysicalDescription:695 strán 24 cm
Published: [Bratislava] DOT. vydavateľstvo 2025
ISBN:9788069071605
Edition:Vydanie prvé
Subjects:

MARC

LEADER 00000nam a2200000 4500
001 vtls012288587
003 SK-MaSNL
005 20260505103344.0
008 251205s2025 xo g 000 f slo
020 |a 9788069071605  |q (viazaná) 
038 |a SNK 
040 |a SNK  |b slo  |c SNK  |e rda 
041 1 |a slo  |h eng 
044 |a xo  |c SK 
072 7 |a 821.111-3  |x Anglická próza, anglicky písaná   |2 konspekt 
080 |a 821.111(94)-31  |2 2011 
080 |a 821-312.9  |2 2011 
080 |a (0:82-312.9)  |2 2011 
100 1 |a Islington, James  |4 aut  |9 1638172 
240 1 4 |a The Will of the Many  |l Slovensky 
245 1 0 |a Vôľa väčšiny  |c James Islington ; preložila Ľubica Dvončová 
250 |a Vydanie prvé 
264 1 |a [Bratislava]  |b DOT. vydavateľstvo  |c 2025  
300 |a 695 strán  |c 24 cm 
336 |a text  |b txt  |2 rdacontent 
337 |a bez média  |b n  |2 rdamedia 
338 |a zväzok  |b nc  |2 rdacarrier 
500 |a Preložené z angličtiny 
500 |a Miesto vydania podľa NA ISBN 
500 |a Ilustrácia na oriezke 
500 |a Obsahuje terminologický slovník 
500 |a Názov série z externého zdroja 
655 7 |a austrálske romány  |2 SNKPH  |9 1595 
655 7 |a fantasy romány  |2 SNKPH  |9 121434 
655 7 |a Australian fiction  |2 SNKPHeng  |9 305156 
655 7 |a Fantasy novels  |2 SNKPHeng  |9 248525 
700 1 |a Dvončová, Ľubica  |4 trl  |9 196985 
787 0 8 |i Zo série:  |t Hierarchia  |g 1. diel  |a   
852 |a Slovenská národná knižnica 
919 |a 978-80-69071-60-5 
999 |c 3369340  |d 3371270 
952 |t 1  |a SNK  |b SNK  |y NEVYP  |7 1  |p 17A1510046  |o snkSC 214346  |i snk2026/6567  |8 0  |g 0.00  |0 0  |1 0  |2 udc  |4 0  |d 2026-05-05  |l 0  |r 2026-05-05 10:35:05  |w 2026-05-05